[Event "GER-ch54 V06 email"]
[Site "GER email"]
[Date "2022.05.01"]
[Round "?"]
[White "Langer, Raimund"]
[Black "Schlosser, Ronny"]
[Result "1/2-1/2"]
[WhiteElo "2169"]
[BlackElo "2038"]
[PlyCount "52"]
[EventDate "2022.05.01"]
[EventType "tourn (corr)"]
[EventRounds "10"]
[EventCountry "GER"]
[SourceTitle "Corr 2024"]
[Source "ChessBase"]
[SourceDate "2023.10.19"]
[SourceVersion "1"]
[SourceVersionDate "2023.10.19"]
[SourceQuality "1"]

1. e4 c6 2. d4 d5 3. e5 Bf5 4. Nf3 e6 5. Be2 Nd7 6. 0-0 Ne7 7. Nbd2 h6 8. Nb3 g5 9. a4 Bg7 10. a5 0-0 11. c3 Rc8 12. h4 g4 13. Ne1 h5 14. Nd3 Ng6 15. g3 f6 16. exf6 Bxf6 17. Nf4 Nxf4 18. Bxf4 e5 19. dxe5 Bxe5 20. Bg5 Qe8 21. a6 b6 22. Bd3 Bxd3 23. Qxd3 Qf7 24. Rae1 Rce8 25. Nd4 Bxd4 26. Qxd4 Re6 1/2-1/2

[Event "GER-ch54 V06 email"]
[Site "GER email"]
[Date "2022.05.01"]
[Round "?"]
[White "Schlosser, Ronny"]
[Black "Raessler, Arndt"]
[Result "1/2-1/2"]
[WhiteElo "2038"]
[BlackElo "2115"]
[PlyCount "61"]
[EventDate "2022.05.01"]
[EventType "tourn (corr)"]
[EventRounds "10"]
[EventCountry "GER"]
[SourceTitle "Corr 2024"]
[Source "ChessBase"]
[SourceDate "2023.10.19"]
[SourceVersion "1"]
[SourceVersionDate "2023.10.19"]
[SourceQuality "1"]

1. e4 e6 2. d4 d5 3. Nc3 Nf6 4. Bg5 dxe4 5. Nxe4 Be7 6. Bxf6 gxf6 7. Nf3 f5 8. Nc3 a6 9. g3 b5 10. Bg2 Bb7 11. 0-0 c5 12. d5 b4 13. dxe6 bxc3 14. exf7+ Kf8 15. Qe2 cxb2 16. Rad1 Qb6 17. Rfe1 Qf6 18. c3 Be4 19. Qxb2 Nc6 20. Nh4 Bxg2 21. Nxg2 Rd8 22. Rxd8+ Nxd8 23. Nf4 Qxf7 24. Qb8 Kg7 25. Qe5+ Bf6 26. Qxf5 Rf8 27. Rd1 Kh8 28. Rd7 Qg8 29. Qxc5 Bg7 30. Qe7 Bf6 31. Qe4 1/2-1/2

[Event "GER T325-B32-S email"]
[Site "GER email"]
[Date "2021.07.01"]
[Round "?"]
[White "Becker, Axel"]
[Black "Schlosser, Ronny"]
[Result "1/2-1/2"]
[WhiteElo "2008"]
[BlackElo "2019"]
[PlyCount "50"]
[EventDate "2021.07.01"]
[EventType "tourn (corr)"]
[EventRounds "8"]
[EventCountry "GER"]
[SourceTitle "Corr 2024"]
[Source "ChessBase"]
[SourceDate "2023.10.19"]
[SourceVersion "1"]
[SourceVersionDate "2023.10.19"]
[SourceQuality "1"]

1. e4 c5 2. Nf3 Nc6 3. d4 cxd4 4. Nxd4 Nxd4 5. Qxd4 e6 6. Nc3 a6 7. Be3 b5 8. Nd5 Ne7 9. Nb6 Nc6 10. Qd2 Rb8 11. Nxc8 Rxc8 12. a4 Rb8 13. Bf4 Rb6 14. c3 Na5 15. Qc2 b4 16. Be2 Be7 17. 0-0 0-0 18. Rfd1 Rc6 19. Rd3 d6 20. Rh3 b3 21. Qc1 Nc4 22. Qd1 Qa8 23. Bd3 g6 24. Qe2 Ne5 25. a5 Qb7 1/2-1/2

[Event "GER T325-B32-S email"]
[Site "GER email"]
[Date "2021.07.01"]
[Round "?"]
[White "Schlosser, Ronny"]
[Black "Niederdorf, Walter"]
[Result "1-0"]
[WhiteElo "2019"]
[BlackElo "1473"]
[PlyCount "27"]
[EventDate "2021.07.01"]
[EventType "tourn (corr)"]
[EventRounds "8"]
[EventCountry "GER"]
[SourceTitle "Corr 2024"]
[Source "ChessBase"]
[SourceDate "2023.10.19"]
[SourceVersion "1"]
[SourceVersionDate "2023.10.19"]
[SourceQuality "1"]

1. e4 c5 2. Nf3 Nc6 3. d4 cxd4 4. Nxd4 Nxd4 5. Qxd4 h6 6. Bf4 d6 7. e5 f6 8. Nc3 fxe5 9. Bxe5 dxe5 10. Bb5+ Bd7 11. Qg4 Kf7 12. Bxd7 Nf6 13. Be6+ Ke8 14. Qg6# 1-0